|
|
|
|
| LEADER |
00842nam a2200217 u 4500 |
| 001 |
10088796 |
| 003 |
GR-PaULI |
| 005 |
20220124091430.0 |
| 008 |
110128s2017 gr p gre |
| 952 |
|
|
|0 0
|1 0
|2 ddc
|4 0
|6 889_140000000000000_ΘΑΝ
|7 0
|9 354897
|a LISP
|b LISP
|c DON
|d 2022-01-24
|e ΠΑΤ
|i 254858
|l 0
|o 889.14 ΘΑΝ
|p 025000289932
|r 2022-01-24 00:00:00
|t 1
|w 2022-01-24
|y BKN
|
| 999 |
|
|
|c 208004
|d 208004
|
| 020 |
|
|
|a 9789606628962
|
| 040 |
|
|
|a GR-PaULI
|c GR-PaULI
|b gre
|e AACR2
|
| 082 |
1 |
4 |
|a 889.14
|2 23
|
| 100 |
1 |
|
|9 189595
|a Θάνογλου, Ελευθερία,
|d 1978-
|e συγγραφέας.
|
| 245 |
1 |
3 |
|a Οι πέντε εποχές /
|b
|c Ελευθερία Θάνογλου.
|
| 260 |
|
|
|a Αθήνα :
|b Πικραμένος,
|c 2017.
|
| 300 |
|
|
|a 93 σ. ;
|b
|c 25 εκ.
|
| 655 |
|
4 |
|a Ποίηση
|
| 942 |
|
|
|2 ddc
|c BKN
|
| 998 |
|
|
|c ΜΠΟΥΡΑΣ
|d 2022-01
|